[Event "Junior Online 4NCL Division 2"]
[Site "online"]
[Date "2021.03.18"]
[EventDate "2021.03.18"]
[Round "5.81"]
[White "Truscott, Philip E"]
[WhiteElo "1501"]
[WhiteTeam "Harrow Juniors B"]
[Black "Jayaprakash, Shravan"]
[BlackElo "1439"]
[BlackTeam "Uxbridge Juniors Arsenal"]
[Result "1-0"]
[PlyCount "79"]

1. e4 e5 2. Nf3 Nc6 3. Bc4 Nf6 4. Ng5 d5 5. exd5 Nxd5 6. Nxf7 Kxf7 7. Qf3+ Ke6 8. Nc3 Ne7 9. d4 c6 10. dxe5 Ng6 11. O-O Nxe5 12. Re1 Bd6 13. Bf4 Rf8 14. Qg3 Rf5 15. Bd3 Rxf4 16. Nxd5 cxd5 17. Qxf4 Qf6 18. Qxf6+ gxf6 19. Bxh7 Kf7 20. Rad1 Be6 21. b3 Bb4 22. Re2 Bg4 23. f3 Be6 24. a4 Kg7 25. Bd3 a6 26. f4 Nxd3 27. Rxe6 Bc5+ 28. Kf1 Nxf4 29. Ree1 Rh8 30. g3 Ng6 31. Rxd5 Bb4 32. Rd7+ Kh6 33. Re4 Bf8 34. Rxb7 Kg5 35. h4+ Kf5 36. Rc4 Ne5 37. Rf4+ Ke6 38. Rb6+ Kf7 39. Rfxf6+ Ke7 40. Rfe6+ {[W: 0:08:00; B: 0:01:44]} 1-0

[Event "Junior Online 4NCL Division 2"]
[Site "online"]
[Date "2021.03.18"]
[EventDate "2021.03.18"]
[Round "5.83"]
[White "Jayakumar, Bharath"]
[WhiteElo "1478"]
[WhiteTeam "Harrow Juniors B"]
[Black "Knight, Samuel"]
[BlackElo "1392"]
[BlackTeam "Uxbridge Juniors Arsenal"]
[Result "1-0"]
[PlyCount "142"]

1. e4 d5 2. exd5 Nf6 3. Nc3 Nxd5 4. Nxd5 Qxd5 5. d4 Bf5 6. Nf3 e6 7. c4 Qd8 8. Bg5 Be7 9. Bxe7 Qxe7 10. Be2 Qb4+ 11. Nd2 Qxb2 12. O-O Qxd4 13. Qa4+ Qd7 14. Qb3 c6 15. Rad1 O-O 16. Nf3 Qc7 17. Nh4 Bg6 18. c5 Nd7 19. Nxg6 hxg6 20. Qc4 Nf6 21. Rd3 Rfd8 22. Rh3 Kf8 23. Rh8+ Ke7 24. Rh3 Rh8 25. Rxh8 Rxh8 26. h3 Rd8 27. Qa4 b5 28. cxb6 axb6 29. Qa3+ Qd6 30. Qa7+ Rd7 31. Qxb6 c5 32. Qb5 Nd5 33. Rd1 Rc7 34. Qc4 Qf4 35. Re1 Qxc4 36. Bxc4 Nb6 37. Bb5 c4 38. Rc1 c3 39. Bd3 Nd5 40. a4 Nf4 41. Bb5 Rc5 42. Kh2 Nd5 43. Kg3 c2 44. Bd3 Nb4 45. Bxc2 Rxc2 46. Rb1 Nc6 47. Rb7+ Kf6 48. Rc7 Rc4 49. Kh2 g5 50. Rc8 Kf5 51. Rc7 Kg6 52. Rc8 f5 53. Re8 Kf6 54. Rf8+ Ke7 55. Ra8 e5 56. a5 Ra4 57. a6 Kd6 58. Rg8 e4 59. Rxg7 Rxa6 60. Rxg5 Ke5 61. g4 Ne7 62. Kg3 Kf6 63. Rh5 Kg6 64. h4 fxg4 65. Kxg4 Ra2 66. Rg5+ Kh6 67. Re5 Ng6 68. Rxe4 Rxf2 69. h5 Nf8 70. Rd4 Rg2+ 71. Kh3 Rg5 {[W: 0:04:47; B: 0:01:26]} 1-0

[Event "Junior Online 4NCL Division 2"]
[Site "online"]
[Date "2021.03.18"]
[EventDate "2021.03.18"]
[Round "5.84"]
[White "Bhat, Advay"]
[WhiteElo "1336"]
[WhiteTeam "Uxbridge Juniors Arsenal"]
[Black "Evans, Daniel"]
[BlackElo "1334"]
[BlackTeam "Harrow Juniors B"]
[Result "0-1"]
[PlyCount "56"]

1. e4 e6 2. Nc3 Bb4 3. d3 Bxc3+ 4. bxc3 d5 5. e5 c5 6. d4 Nc6 7. Bb5 a6 8. Bxc6+ bxc6 9. Nf3 cxd4 10. Qxd4 Ne7 11. Bg5 h6 12. Bxe7 Qxe7 13. O-O O-O 14. c4 c5 15. Qc3 d4 16. Qd3 f6 17. Rfe1 fxe5 18. Nxe5 Qd6 19. c3 Rf5 20. Nf3 Bb7 21. Nh4 Rh5 22. Nf3 Bxf3 23. Qxf3 Qxh2+ 24. Kf1 Rf8 25. Qd3 Qh1+ 26. Ke2 Re5+ 27. Kd2 Rxf2+ 28. Kd1 Qxe1# {[W: 0:04:18; B: 0:05:30]} 0-1

[Event "Junior Online 4NCL Division 2"]
[Site "online"]
[Date "2021.03.18"]
[EventDate "2021.03.18"]
[Round "5.85"]
[White "Jayaprakash, Shravan"]
[WhiteElo "1439"]
[WhiteTeam "Uxbridge Juniors Arsenal"]
[Black "Truscott, Philip E"]
[BlackElo "1501"]
[BlackTeam "Harrow Juniors B"]
[Result "0-1"]
[PlyCount "128"]

1. e4 c5 2. Nc3 d6 3. Nf3 e6 4. d4 cxd4 5. Qxd4 Nc6 6. Bb5 a6 7. Bxc6+ bxc6 8. Qa4 Bd7 9. Qd4 Nf6 10. e5 c5 11. Qh4 dxe5 12. Nxe5 Be7 13. Nxd7 Qxd7 14. Qg3 O-O 15. Bh6 Nh5 16. Qg4 Rfd8 17. O-O g6 18. Ne4 Nf6 19. Nxf6+ Bxf6 20. c3 Rab8 21. Rad1 Qc7 22. Rxd8+ Rxd8 23. Rd1 Rxd1+ 24. Qxd1 Qb6 25. Qc2 Bg7 26. Be3 Qb5 27. c4 Qb6 28. b3 Bd4 29. Bh6 Qa5 30. Qe4 Qd8 31. h3 Bg7 32. Be3 Bd4 33. Bh6 Bg7 34. Be3 Bd4 35. Qd3 e5 36. b4 cxb4 37. c5 Qc8 38. Bxd4 exd4 39. Qxd4 a5 40. Qc4 Qc6 41. f3 Kf8 42. Qd4 Ke7 43. Kf2 h5 44. g3 Qe6 45. Qe3 Kd7 46. Qd4+ Kc6 47. a3 Qa2+ 48. Kf1 Qxa3 49. Qd6+ Kb5 50. c6 Qc1+ 51. Kf2 Qxc6 52. Qd3+ Qc4 53. Qd7+ Qc6 54. Qd3+ Kb6 55. Qd4+ Qc5 56. Ke3 Qxd4+ 57. Kxd4 Kb5 58. f4 a4 59. Kd3 a3 60. Kc2 Kc4 61. Kb1 b3 62. Ka1 Kc3 63. Kb1 a2+ 64. Ka1 Kc2 {[W: 0:04:14; B: 0:07:36]} 0-1

[Event "Junior Online 4NCL Division 2"]
[Site "online"]
[Date "2021.03.18"]
[EventDate "2021.03.18"]
[Round "5.87"]
[White "Knight, Samuel"]
[WhiteElo "1392"]
[WhiteTeam "Uxbridge Juniors Arsenal"]
[Black "Jayakumar, Bharath"]
[BlackElo "1478"]
[BlackTeam "Harrow Juniors B"]
[Result "0-1"]
[PlyCount "84"]

1. d4 d5 2. Nf3 Nf6 3. Bf4 e6 4. e3 Be7 5. Bd3 Nbd7 6. Nc3 a6 7. O-O O-O 8. Ne2 b6 9. c3 Bb7 10. Bc2 c5 11. b3 Rc8 12. Qd3 c4 13. bxc4 dxc4 14. Qd1 b5 15. Ne5 b4 16. Nxd7 Qxd7 17. Nc1 bxc3 18. a3 Be4 19. Ne2 Qc6 20. f3 Bxc2 21. Qxc2 Nd5 22. Bg3 Nxe3 23. Qxc3 Nxf1 24. Kxf1 Bf6 25. Rc1 Rfd8 26. Bf2 Qb5 27. g3 e5 28. dxe5 Bxe5 29. Qb4 Qxb4 30. axb4 Bb2 31. Rc2 c3 32. Bd4 Rc4 33. Bxc3 Bxc3 34. Rxc3 Rxb4 35. Nf4 Rb1+ 36. Kg2 h6 37. Ra3 Rd2+ 38. Kh3 Rbb2 39. Rxa6 Rxh2+ 40. Kg4 Rb5 41. Ra8+ Kh7 42. Ra7 Rg5# {[W: 0:08:01; B: 0:08:31]} 0-1

[Event "Junior Online 4NCL Division 2"]
[Site "online"]
[Date "2021.03.18"]
[EventDate "2021.03.18"]
[Round "5.88"]
[White "Evans, Daniel"]
[WhiteElo "1334"]
[WhiteTeam "Harrow Juniors B"]
[Black "Bhat, Advay"]
[BlackElo "1336"]
[BlackTeam "Uxbridge Juniors Arsenal"]
[Result "1-0"]
[PlyCount "159"]

1. e4 e5 2. f4 f6 3. f5 g6 4. Bc4 Ne7 5. fxg6 hxg6 6. Qf3 Bg7 7. Nh3 d6 8. Ng5 Rh5 9. Bf7+ Kf8 10. d4 f5 11. Be6 f4 12. h4 Bh6 13. g4 Bxg5 14. gxh5 Bxh4+ 15. Rxh4 Bxe6 16. h6 Kf7 17. Bxf4 exf4 18. Rxf4+ Kg8 19. d5 Bd7 20. Rf7 Nf5 21. Rxd7 Qxd7 22. exf5 Qxf5 23. Qxf5 gxf5 24. Nc3 Kh7 25. Nb5 Na6 26. Kd2 Kxh6 27. Rg1 Rf8 28. Nxa7 f4 29. c4 f3 30. Ke3 f2 31. Rf1 Nb4 32. Rxf2 Rxf2 33. Kxf2 Nxa2 34. Nb5 c5 35. dxc6 bxc6 36. Nxd6 Kg6 37. Nc8 Kf6 38. Na7 c5 39. Nc6 Ke6 40. Ke3 Kd6 41. Na5 Nb4 42. Nb3 Kc6 43. Kd2 Na6 44. Kc3 Nc7 45. Nc1 Ne6 46. Nd3 Nd4 47. b4 Ne6 48. b5+ Kb6 49. Ne5 Nc7 50. Nd7+ Ka5 51. b6 Na6 52. b7 Ka4 53. b8=Q Nxb8 54. Nxb8 Ka5 55. Kb3 Kb6 56. Ka4 Kb7 57. Nd7 Kc6 58. Ne5+ Kd6 59. Nd3 Kc6 60. Ka5 Kd6 61. Kb6 Kd7 62. Kxc5 Kc7 63. Ne1 Kd7 64. Kb6 Kd6 65. c5+ Kd7 66. Kb7 Kd8 67. c6 Ke7 68. c7 Kd6 69. c8=Q Kd5 70. Qc6+ Ke5 71. Qd7 Kf6 72. Qe8 Kg7 73. Qe6 Kf8 74. Kc8 Kg7 75. Qf5 Kh6 76. Qg4 Kh7 77. Kd7 Kh6 78. Ke6 Kh7 79. Kf7 Kh8 80. Qg8# {[W: 0:02:26; B: 0:01:14]} 1-0

[Event "Junior Online 4NCL Division 2"]
[Site "online"]
[Date "2021.03.18"]
[EventDate "2021.03.18"]
[Round "5.91"]
[White "Keenan, Isaac"]
[WhiteElo "1002"]
[WhiteTeam "Robin Hoods 3"]
[Black "Grahame, Austin"]
[BlackElo "1375"]
[BlackTeam "Harrow Juniors C"]
[Result "1-0"]
[PlyCount "57"]

1. d4 d5 2. Bf4 c6 3. Nf3 f6 4. e3 Bg4 5. Bd3 Nd7 6. c3 Bxf3 7. Qxf3 e5 8. dxe5 fxe5 9. Qh5+ g6 10. Bxg6+ hxg6 11. Qxh8 exf4 12. Qxg8 fxe3 13. fxe3 Qh4+ 14. g3 Qh3 15. Qxg6+ Kd8 16. Qg5+ Kc7 17. Qf4+ Bd6 18. Qf1 Qe6 19. Nd2 Re8 20. O-O-O Qxe3 21. Qe1 Qxe1 22. Rhxe1 Rh8 23. h4 Bxg3 24. Rg1 Bxh4 25. Rh1 Nf8 26. Kb1 Ng6 27. Rh2 Rf8 28. Rf1 Rg8 29. Rg1 {[W: 0:07:21; B: 0:07:11]} 1-0

[Event "Junior Online 4NCL Division 2"]
[Site "online"]
[Date "2021.03.18"]
[EventDate "2021.03.18"]
[Round "5.93"]
[White "Stokes, Matthew"]
[WhiteElo "886"]
[WhiteTeam "Robin Hoods 3"]
[Black "Cann, Arthur"]
[BlackElo "1203"]
[BlackTeam "Harrow Juniors C"]
[Result "1-0"]
[PlyCount "65"]

1. d4 d5 2. c4 dxc4 3. e4 c5 4. Nf3 cxd4 5. Nxd4 b6 6. Bxc4 Bb7 7. Nc3 Nc6 8. Bb5 Rc8 9. O-O a6 10. Bxc6+ Bxc6 11. Nf3 Qxd1 12. Rxd1 Nf6 13. Bf4 Nxe4 14. Nxe4 Bxe4 15. Ng5 Bf5 16. h3 e6 17. Re1 Bb4 18. Re2 O-O 19. a3 Be7 20. Nf3 Rfd8 21. Ree1 Bf6 22. Rab1 Bxb1 23. Rxb1 Rc2 24. Be3 b5 25. b4 Rb2 26. Rxb2 Bxb2 27. Bb6 Bxa3 28. Bxd8 Bxb4 29. Nd4 Bc5 30. Nb3 Kf8 31. Nxc5 Ke8 32. Ba5 Ke7 33. Nxa6 {[W: 0:04:16; B: 0:05:57]} 1-0

[Event "Junior Online 4NCL Division 2"]
[Site "online"]
[Date "2021.03.18"]
[EventDate "2021.03.18"]
[Round "5.95"]
[White "Grahame, Austin"]
[WhiteElo "1375"]
[WhiteTeam "Harrow Juniors C"]
[Black "Keenan, Isaac"]
[BlackElo "1002"]
[BlackTeam "Robin Hoods 3"]
[Result "1-0"]
[PlyCount "55"]

1. d4 d5 2. c4 dxc4 3. Nc3 Nc6 4. e4 e5 5. d5 Nb4 6. Qa4+ c6 7. dxc6 bxc6 8. Bxc4 Bd7 9. a3 c5 10. Qd1 Nc6 11. Bb5 Nd4 12. Bxd7+ Qxd7 13. Nge2 Nf6 14. Bg5 h6 15. Bxf6 gxf6 16. O-O Rb8 17. Rb1 Bd6 18. Nd5 f5 19. Nf6+ Ke7 20. Nxd7 Kxd7 21. Nxd4 cxd4 22. Qa4+ Ke7 23. Qxa7+ Ke8 24. Rbc1 d3 25. Qa6 d2 26. Rc2 Bc7 27. Rxc7 Rxb2 28. Qc8# {[W: 0:07:02; B: 0:04:04]} 1-0

[Event "Junior Online 4NCL Division 2"]
[Site "online"]
[Date "2021.03.18"]
[EventDate "2021.03.18"]
[Round "5.96"]
[White "Tumurugoti, Vaed"]
[WhiteElo "909"]
[WhiteTeam "Robin Hoods 3"]
[Black "Benhamou, Nathan"]
[BlackElo "1345"]
[BlackTeam "Harrow Juniors C"]
[Result "0-1"]
[PlyCount "74"]

1. g3 e5 2. Bg2 d5 3. e4 dxe4 4. Nc3 Nf6 5. Nxe4 Bg4 6. Nxf6+ Qxf6 7. Qxg4 Bc5 8. f3 Nc6 9. Nh3 O-O 10. d3 Qd6 11. Bf1 Qd4 12. Bh6 Qxg4 13. fxg4 gxh6 14. O-O-O f5 15. g5 Be3+ 16. Kb1 Bxg5 17. d4 exd4 18. Bc4+ Kg7 19. Rhg1 Kg6 20. g4 f4 21. Bd3+ Kg7 22. Rdf1 f3 23. Nxg5 hxg5 24. h3 Rf4 25. Rh1 f2 26. h4 Rxg4 27. Rxf2 Rxh4 28. Rg1 Re8 29. a3 h6 30. Bb5 Re6 31. Bc4 Rf6 32. Rd2 Ne5 33. Bb3 Nf3 34. Rgd1 Nxd2+ 35. Rxd2 Rh1+ 36. Ka2 Rff1 37. Rxd4 Ra1# {[W: 0:06:29; B: 0:09:24]} 0-1

[Event "Junior Online 4NCL Division 2"]
[Site "online"]
[Date "2021.03.18"]
[EventDate "2021.03.18"]
[Round "5.97"]
[White "Cann, Arthur"]
[WhiteElo "1203"]
[WhiteTeam "Harrow Juniors C"]
[Black "Stokes, Matthew"]
[BlackElo "886"]
[BlackTeam "Robin Hoods 3"]
[Result "1-0"]
[PlyCount "51"]

1. d4 d5 2. c4 e6 3. cxd5 Qxd5 4. Nc3 Qd6 5. Nf3 Nf6 6. e4 Qd7 7. e5 Nd5 8. Nxd5 Qxd5 9. b3 Bb4+ 10. Bd2 Bxd2+ 11. Qxd2 b6 12. Bc4 Qe4+ 13. Qe2 Qxe2+ 14. Bxe2 Bb7 15. O-O Nd7 16. Nd2 O-O-O 17. Nc4 Ba6 18. Rac1 f5 19. Nd6+ Kb8 20. Bxa6 cxd6 21. exd6 g5 22. Rc7 h5 23. Rb7+ Ka8 24. Rc1 f4 25. Rcc7 Nb8 26. Rxa7# {[W: 0:10:00; B: 0:07:30]} 1-0

[Event "Junior Online 4NCL Division 2"]
[Site "online"]
[Date "2021.03.18"]
[EventDate "2021.03.18"]
[Round "5.98"]
[White "Tumurugoti, Vidwat"]
[WhiteElo "589"]
[WhiteTeam "Robin Hoods 3"]
[Black "Grahame, Edgar"]
[BlackElo "1075"]
[BlackTeam "Harrow Juniors C"]
[Result "0-1"]
[PlyCount "22"]

1. d4 e6 2. Bf4 Qh4 3. g3 Qf6 4. d5 exd5 5. Bg2 Qxb2 6. Nd2 Qf6 7. Bxd5 Bc5 8. Be3 Bxe3 9. Bxf7+ Qxf7 10. Ne4 d5 11. Nc5 Qxf2# {[W: 0:09:19; B: 0:09:44]} 0-1

[Event "Junior Online 4NCL Division 2"]
[Site "online"]
[Date "2021.03.18"]
[EventDate "2021.03.18"]
[Round "5.101"]
[White "Pasha, Farhaan"]
[WhiteElo "1430"]
[WhiteTeam "Warwickshire Bears D"]
[Black "Shahameeran, Ashika"]
[BlackElo "1261"]
[BlackTeam "St John's College B"]
[Result "1/2-1/2"]
[PlyCount "102"]

1. e4 e5 2. Nf3 Nc6 3. Bc4 Nf6 4. d3 Be7 5. Nc3 O-O 6. Be3 Bb4 7. Qd2 Bxc3 8. Qxc3 Re8 9. O-O d5 10. exd5 Nxd5 11. Qd2 Nxe3 12. fxe3 Bg4 13. Qf2 Kh8 14. Bxf7 Rf8 15. Bd5 Qxd5 16. e4 Qd6 17. Qg3 Bxf3 18. Rxf3 Rxf3 19. Qxf3 Rf8 20. Qe3 Nd4 21. Rc1 Qg6 22. c3 Nf3+ 23. Kh1 Nh4 24. Qg1 Qd6 25. d4 Qe6 26. dxe5 Qxe5 27. Qxa7 Qxe4 28. Qg1 Rd8 29. Rf1 Qd5 30. h3 Qxa2 31. Qf2 Qg8 32. Qxh4 Rf8 33. Rxf8 Qxf8 34. Qg3 Qf1+ 35. Kh2 Qf7 36. b4 h6 37. h4 b6 38. Qe5 Qd7 39. Qf4 Qe7 40. Qg3 Qd7 41. Qf4 Qe7 42. Qd4 Kh7 43. Qf4 Qd7 44. Qg3 Kh8 45. h5 Qe7 46. Kh3 Qe6+ 47. Kh2 Qf7 48. Qh3 Qf4+ 49. Qg3 Qf7 50. Qh3 Qf4+ 51. Qg3 Qf7 {[W: 0:00:18; B: 0:00:19]} 1/2-1/2

[Event "Junior Online 4NCL Division 2"]
[Site "online"]
[Date "2021.03.18"]
[EventDate "2021.03.18"]
[Round "5.102"]
[White "Sequeira, Robert"]
[WhiteElo "1308"]
[WhiteTeam "St John's College B"]
[Black "Nasibova, Margarita"]
[BlackElo "1422"]
[BlackTeam "Warwickshire Bears D"]
[Result "1/2-1/2"]
[PlyCount "121"]

1. e4 e5 2. Nf3 Nc6 3. Nc3 Nf6 4. d4 exd4 5. Nxd4 Bc5 6. Be3 d6 7. Nxc6 bxc6 8. Bxc5 dxc5 9. Qxd8+ Kxd8 10. O-O-O+ Ke7 11. f3 Be6 12. Bd3 Rab8 13. Kb1 Rb7 14. Na4 Rhb8 15. c3 c4 16. Be2 Nd7 17. Rd2 Nb6 18. Nc5 Na4 19. Nxb7 Rxb7 20. Rhd1 Nxc3+ 21. Kc2 Nxd1 22. Kxd1 Rb5 23. Rc2 Rg5 24. g4 Ra5 25. a3 Rb5 26. a4 Rb4 27. a5 Ra4 28. Kd2 Rxa5 29. Bxc4 Bxc4 30. Rxc4 Rb5 31. Rxc6 Rxb2+ 32. Ke3 Rxh2 33. Rxc7+ Kf6 34. Rxa7 Rb2 35. Kf4 g5+ 36. Kg3 Rb1 37. Ra6+ Kg7 38. Ra5 f6 39. Ra7+ Kg6 40. Ra6 h6 41. e5 Rg1+ 42. Kf2 Rb1 43. Rxf6+ Kg7 44. Rf5 Rb2+ 45. Kg3 Rb5 46. e6 Rb6 47. e7 Re6 48. f4 gxf4+ 49. Rxf4 Rxe7 50. Kh4 Re1 51. Rd4 Rh1+ 52. Kg3 Rg1+ 53. Kf2 Ra1 54. Rd7+ Kg6 55. Rd6+ Kg5 56. Rd4 Ra2+ 57. Kf3 Ra3+ 58. Kg2 Ra2+ 59. Kf3 Ra3+ 60. Kg2 Ra2+ 61. Kf3 {[W: 0:02:00; B: 0:05:29]} 1/2-1/2

[Event "Junior Online 4NCL Division 2"]
[Site "online"]
[Date "2021.03.18"]
[EventDate "2021.03.18"]
[Round "5.103"]
[White "Sastry, Shriya"]
[WhiteElo "1351"]
[WhiteTeam "Warwickshire Bears D"]
[Black "Anandkumar, Govind"]
[BlackElo "1217"]
[BlackTeam "St John's College B"]
[Result "0-1"]
[PlyCount "116"]

1. d4 Nf6 2. Bf4 d5 3. Nf3 Bf5 4. Nc3 e6 5. a3 Nbd7 6. e3 Bd6 7. Bxd6 cxd6 8. Bb5 O-O 9. Bd3 Bg4 10. Be2 Qb6 11. Rb1 h6 12. h3 Bxf3 13. Bxf3 Rac8 14. O-O Qc6 15. Qd2 Nb6 16. b3 Qxc3 17. Qxc3 Rxc3 18. Rbc1 Rfc8 19. Bd1 e5 20. dxe5 dxe5 21. Re1 Nbd7 22. Re2 Nc5 23. Rb1 d4 24. exd4 exd4 25. Rd2 Rd8 26. f3 d3 27. cxd3 Rcxd3 28. Rxd3 Rxd3 29. Kf2 Nd5 30. Ke2 Nc3+ 31. Ke1 Nxb1 32. Bc2 Rc3 33. Bf5 Nd3+ 34. Ke2 Nf4+ 35. Kf2 Rxb3 36. Kg3 Nh5+ 37. Kh2 Nxa3 38. Bg4 g6 39. Bd7 b5 40. Bc6 b4 41. Bd5 Rd3 42. Be4 Re3 43. Bd5 b3 44. Be4 b2 45. Kh1 b1=Q+ 46. Bxb1 Nxb1 47. Kg1 a5 48. Kf2 Re7 49. Kf1 a4 50. Kf2 a3 51. Kf1 a2 52. Kg1 a1=Q 53. Kf2 Qb2+ 54. Kf1 Ng3+ 55. Kg1 Re1+ 56. Kh2 Nh5 57. h4 Qe5+ 58. g3 Qxg3# {[W: 0:06:43; B: 0:08:45]} 0-1

[Event "Junior Online 4NCL Division 2"]
[Site "online"]
[Date "2021.03.18"]
[EventDate "2021.03.18"]
[Round "5.104"]
[White "Bagga, Khushi"]
[WhiteElo "1189"]
[WhiteTeam "St John's College B"]
[Black "Alexander, Ryan"]
[BlackElo "1290"]
[BlackTeam "Warwickshire Bears D"]
[Result "1-0"]
[PlyCount "121"]

1. e4 e5 2. Nf3 Nc6 3. Nc3 Nf6 4. d4 d6 5. d5 Nd4 6. Nxd4 exd4 7. Qxd4 Bg4 8. f3 Bh5 9. Bg5 Be7 10. Bb5+ Nd7 11. Bxe7 Qxe7 12. Bxd7+ Qxd7 13. Qxg7 Rf8 14. Qxh7 Bg6 15. Qg7 O-O-O 16. O-O-O Rg8 17. Qd4 f5 18. Kb1 fxe4 19. fxe4 Rde8 20. Rhe1 b6 21. e5 dxe5 22. Rxe5 Rxe5 23. Qxe5 Re8 24. Qg5 Bf7 25. a3 Rg8 26. Qd2 Bg6 27. g3 Re8 28. Qg5 Rg8 29. Qf6 Bh5 30. Re1 Rg6 31. Qe5 Bg4 32. Qe8+ Qxe8 33. Rxe8+ Kd7 34. Rf8 Rh6 35. Rf2 c6 36. dxc6+ Kxc6 37. Ne4 a5 38. Rf6+ Rxf6 39. Nxf6 Bf5 40. Kc1 Kd6 41. Kd2 Ke5 42. Ne8 b5 43. Nc7 b4 44. axb4 axb4 45. Ke3 Bxc2 46. h4 Bg6 47. Nb5 b3 48. Nd4 Bf7 49. g4 Bg8 50. h5 Kf6 51. Kf4 Kg7 52. Kf5 Kh6 53. Kf6 Bd5 54. Nf5+ Kh7 55. g5 Be4 56. g6+ Kg8 57. Ne7+ Kh8 58. g7+ Kh7 59. g8=Q+ Kh6 60. Qg5+ Kh7 61. Qg7# {[W: 0:10:34; B: 0:10:27]} 1-0

[Event "Junior Online 4NCL Division 2"]
[Site "online"]
[Date "2021.03.18"]
[EventDate "2021.03.18"]
[Round "5.105"]
[White "Shahameeran, Ashika"]
[WhiteElo "1261"]
[WhiteTeam "St John's College B"]
[Black "Pasha, Farhaan"]
[BlackElo "1430"]
[BlackTeam "Warwickshire Bears D"]
[Result "0-1"]
[PlyCount "86"]

1. e4 e5 2. Nf3 Nc6 3. Nc3 Bc5 4. Nxe5 Bxf2+ 5. Kxf2 Nxe5 6. Be2 d6 7. Re1 Nf6 8. Kg1 Be6 9. d4 Ng6 10. d5 Bd7 11. Bg5 h6 12. Bd2 O-O 13. Bd3 Bg4 14. Be2 Ne5 15. Bf4 Qd7 16. Bxe5 dxe5 17. h3 Bxe2 18. Qxe2 Rad8 19. Rad1 Qe7 20. d6 Rxd6 21. Rxd6 Qxd6 22. Rd1 Qc5+ 23. Kh1 Qb6 24. Rd3 Qxb2 25. Qd2 Qb6 26. Nd5 Nxe4 27. Qe2 Nf2+ 28. Kh2 Qc5 29. Ne3 Nxd3 30. Qxd3 Qd6 31. Qe2 e4+ 32. Kh1 Rd8 33. Kg1 Qf6 34. Kh1 b6 35. Kg1 c5 36. Kh1 Qe6 37. Kg1 Qxa2 38. Kh1 Qe6 39. Kg1 Qd6 40. Kh1 a5 41. Qb5 Qd4 42. Qe2 a4 43. Qe1 a3 {Time forfeit} {[W: 0:00:05; B: 0:00:40]} 0-1

[Event "Junior Online 4NCL Division 2"]
[Site "online"]
[Date "2021.03.18"]
[EventDate "2021.03.18"]
[Round "5.106"]
[White "Nasibova, Margarita"]
[WhiteElo "1422"]
[WhiteTeam "Warwickshire Bears D"]
[Black "Sequeira, Robert"]
[BlackElo "1308"]
[BlackTeam "St John's College B"]
[Result "0-1"]
[PlyCount "98"]

1. c4 e5 2. Nc3 Nc6 3. g3 Nf6 4. Bg2 d6 5. e4 Be6 6. d3 Nd4 7. Nge2 Bg4 8. h3 Be6 9. O-O Be7 10. Kh2 Qd7 11. f4 exf4 12. gxf4 Nxe2 13. Nxe2 Qd8 14. f5 Bd7 15. Ng3 c6 16. Bf4 c5 17. Qf3 Bc6 18. Nh5 Nxh5 19. Qxh5 Bf6 20. Rab1 Qe7 21. Rg1 Bd4 22. Rgf1 O-O-O 23. b4 cxb4 24. Rxb4 Bc5 25. Rb2 Qf6 26. Rfb1 Bd4 27. Rb3 g6 28. fxg6 fxg6 29. Qa5 Qxf4+ 30. Kh1 g5 31. Rf1 Qe5 32. Qb4 Qc5 33. Qd2 Be3 34. Qe2 Bf4 35. Qg4+ Kb8 36. Rfb1 h5 37. Qe6 Rde8 38. Qf7 b6 39. Qg6 Reg8 40. Qe6 Qe5 41. Qf7 Be3 42. Qf3 Bc5 43. Qd1 g4 44. Qd2 gxh3 45. Bxh3 Ka8 46. Rd1 Qg3 47. Bg2 Qh4+ 48. Bh3 Qxh3+ 49. Qh2 Qf3+ {[W: 0:01:07; B: 0:01:01]} 0-1

[Event "Junior Online 4NCL Division 2"]
[Site "online"]
[Date "2021.03.18"]
[EventDate "2021.03.18"]
[Round "5.107"]
[White "Anandkumar, Govind"]
[WhiteElo "1217"]
[WhiteTeam "St John's College B"]
[Black "Sastry, Shriya"]
[BlackElo "1351"]
[BlackTeam "Warwickshire Bears D"]
[Result "1-0"]
[PlyCount "111"]

1. e4 e5 2. Nf3 Nc6 3. Bc4 Bc5 4. c3 h6 5. d4 exd4 6. cxd4 Bb6 7. Qb3 Qe7 8. Nc3 Nxd4 9. Nxd4 Bxd4 10. O-O Bxc3 11. Qxc3 Nf6 12. e5 Nh7 13. Bf4 O-O 14. Rfe1 Qh4 15. Bg3 Qe7 16. Bf4 b6 17. Qg3 Kh8 18. Bd3 f6 19. exf6 Qxf6 20. Be5 Qg5 21. Bxh7 Qxg3 22. fxg3 Kxh7 23. Rf1 Rxf1+ 24. Rxf1 d6 25. Bc3 Be6 26. Re1 Re8 27. Rd1 Bxa2 28. Ra1 Bc4 29. Rxa7 Rf8 30. h3 Rf7 31. Ra4 Bb5 32. Rb4 Bd7 33. Rc4 Be6 34. Re4 Bf5 35. Rf4 Bg6 36. Rc4 Bd3 37. Rd4 Ba6 38. g4 Kg6 39. Re4 Bc8 40. Be1 Kh7 41. Bh4 Kg8 42. Re8+ Rf8 43. Re7 Rf7 44. Re4 g5 45. Bg3 Bb7 46. Rd4 Re7 47. Rd2 Re3 48. Bf2 Re4 49. Bd4 Kf7 50. Rc2 Re7 51. Rf2+ Kg6 52. Rf6+ Kh7 53. Rf8 Re1+ 54. Kh2 Re2 55. Rf7+ Kg6 56. Rg7# {[W: 0:05:04; B: 0:01:02]} 1-0

[Event "Junior Online 4NCL Division 2"]
[Site "online"]
[Date "2021.03.18"]
[EventDate "2021.03.18"]
[Round "5.108"]
[White "Alexander, Ryan"]
[WhiteElo "1290"]
[WhiteTeam "Warwickshire Bears D"]
[Black "Bagga, Khushi"]
[BlackElo "1189"]
[BlackTeam "St John's College B"]
[Result "0-1"]
[PlyCount "140"]

1. e4 e5 2. Nf3 Nc6 3. Bc4 Bc5 4. Nc3 Nf6 5. d3 h6 6. Be3 Bxe3 7. fxe3 O-O 8. O-O d6 9. h3 Na5 10. b3 Nxc4 11. bxc4 Re8 12. Nd5 Nxd5 13. cxd5 c6 14. c4 cxd5 15. exd5 Qb6 16. Kh2 Qxe3 17. Nh4 e4 18. dxe4 Qxe4 19. Nf3 Qxc4 20. a3 b6 21. Rc1 Qb5 22. Nd4 Qxd5 23. Nf3 Qxd1 24. Rcxd1 Re6 25. Nh4 Bb7 26. g4 Rd8 27. Nf5 d5 28. h4 g6 29. Nxh6+ Kh7 30. Nxf7 Rde8 31. Ng5+ Kg7 32. Nxe6+ Rxe6 33. h5 Re4 34. hxg6 Kxg6 35. Kh3 d4 36. Rfe1 Rf4 37. Re6+ Kg5 38. Re5+ Kg6 39. Kh4 Bf3 40. Re6+ Kg7 41. Kg5 Rf7 42. Rh1 d3 43. Rhe1 d2 44. Rf1 d1=Q 45. Rxd1 Bxd1 46. Kh5 Rf4 47. Re7+ Kf6 48. Rxa7 Bxg4+ 49. Kh4 Be6+ 50. Kg3 Rc4 51. Ra6 Rc3+ 52. Kf2 Rb3 53. a4 Ke5 54. Ke2 Kd4 55. Ra8 Kc4 56. Re8 Bg4+ 57. Kd2 Kb4 58. Re4+ Ka3 59. Rxg4 Rb4 60. Rg3+ Kxa4 61. Kc2 b5 62. Rg1 Ka5 63. Kc3 Ra4 64. Kb3 Rf4 65. Rg8 Rf3+ 66. Ka2 Kb4 67. Rg4+ Kc3 68. Rg5 b4 69. Ra5 b3+ 70. Ka1 Rf1# {[W: 0:03:09; B: 0:09:01]} 0-1

[Event "Junior Online 4NCL Division 2"]
[Site "online"]
[Date "2021.03.18"]
[EventDate "2021.03.18"]
[Round "5.111"]
[White "Goswami, Pratyush"]
[WhiteElo "1238"]
[WhiteTeam "Rhodes Avenue Bishops"]
[Black "Beneat, Frederick"]
[BlackElo "1339"]
[BlackTeam "Ojays D"]
[Result "1-0"]
[PlyCount "87"]

1. c4 e5 2. g3 Nf6 3. Bg2 c6 4. d4 exd4 5. Qxd4 d5 6. cxd5 cxd5 7. Nc3 Be6 8. Bg5 Nc6 9. Qd1 Be7 10. Nf3 O-O 11. O-O h6 12. Bf4 Qb6 13. Qd2 d4 14. Na4 Qd8 15. b3 Rc8 16. Ne5 b5 17. Nxc6 Rxc6 18. Bxc6 bxa4 19. bxa4 Qb6 20. Bg2 Bb4 21. Qc2 Rc8 22. Qd1 Ng4 23. Rc1 g5 24. Rxc8+ Bxc8 25. Bd2 Bc5 26. h3 Nf6 27. Qb1 Qd6 28. Kh2 Qe5 29. Re1 Qd6 30. Qd3 Ba6 31. Qf5 Nh5 32. Be4 d3 33. Bxd3 Bxf2 34. Qxf2 Bxd3 35. exd3 Qxd3 36. Qe3 Qd6 37. Qe8+ Kg7 38. Qe5+ Qxe5 39. Rxe5 Nf6 40. Ra5 Ne4 41. Be1 Nd6 42. Rxa7 Nc4 43. Bc3+ Kg6 44. a5 {[W: 0:01:08; B: 0:06:09]} 1-0